Global Warming : (Record no. 57781)
[ view plain ]
| 000 -LEADER | |
|---|---|
| fixed length control field | 00839nam a22002177a 4500 |
| 005 - DATE AND TIME OF LATEST TRANSACTION | |
| control field | 20111018141951.0 |
| 010 ## - LCCN (DPL NO) | |
| LC control number | B-444669 |
| 020 ## - INTERNATIONAL STANDARD BOOK NUMBER | |
| International Standard Book Number | 9781921530401 |
| Terms of availability | 199.00 |
| 035 ## - SYSTEM CONTROL NUMBER | |
| System control number | B-444669 |
| 037 ## - SOURCE OF ACQUISITION | |
| Source of stock number/acquisition | Blue Berry/Ven |
| Stock number | DPL |
| 082 ## - DEWEY DECIMAL CLASSIFICATION NUMBER | |
| Classification number | 363.73974 |
| 100 ## - MAIN ENTRY--PERSONAL NAME | |
| Personal name | Murphy, Glenn |
| 245 ## - TITLE STATEMENT | |
| Title | Global Warming : |
| Remainder of title | What can you do ? / |
| Statement of responsibility, etc | by Glenn Murphy |
| 260 ## - PUBLICATION, DISTRIBUTION, ETC. (IMPRINT) | |
| Place of publication, distribution, etc | Australia |
| Name of publisher, distributor, etc | Weldon owen Pty Ltd |
| Date of publication, distribution, etc | 2009 |
| 270 ## - ADDRESS | |
| Address | 59-61 Victoria Street,MCMahons Point Sydney NSW |
| City | Australia |
| 300 ## - PHYSICAL DESCRIPTION | |
| Extent | 64p. |
| Dimensions | 27cm(pbk) |
| 490 ## - SERIES STATEMENT | |
| Series statement | Global issues |
| -- | 37772 |
| 942 ## - ADDED ENTRY ELEMENTS (KOHA) | |
| Source of classification or shelving scheme | Dewey Decimal Classification |
| Item type | Children Books |
| Classification part | S |
| Call number suffix | MUR |
| Withdrawn status | Lost status | Not for loan | Collection code | Home library | Current library | Date acquired | Source of acquisition | Cost, normal purchase price | Full call number | Barcode | Copy number | Cost, replacement price | Koha item type |
|---|---|---|---|---|---|---|---|---|---|---|---|---|---|
| Fiction | Central Library | Central Library | 28/12/2011 | Blueberry /7042/29.9.2011/83/21.3.2011/12.10.2011 | 199.00 | S MUR | B-444669 | 1 | 199.00 | Children Books |
